Advertising and sales promotion an India perspective

Guardat en:
Dades bibliogràfiques
Autor principal: PADMANABHAN, V.S murphy, H.S
Format: Llibre
Idioma:anglès
Publicat: Ane Books 2018
Etiquetes: Afegir etiqueta
Sense etiquetes, Sigues el primer a etiquetar aquest registre!

MARC

LEADER 00000nam a22000007a 4500
008 230119b |||||||| |||| 00| 0 eng d
020 |a 9789384726560 
100 |a PADMANABHAN, V.S  |a murphy, H.S. 
245 |a Advertising and sales promotion  |b an India perspective  |c V.S. Padmanabhan, H.S. Murphy  |g x,335p;ill 
260 |b Ane Books  |c 2018  |h New Delhi  |i 699673  |i 699674  |l HF5823.P13  |m Advertising   |m Sales Promotion  |m Small business  |m Marketing -Management 
500 |a it includes references and index 
942 |a lcc  |c BK  |e Johnson  |f 19/01/23 
952 |0 0  |1 0  |2 lcc  |4 0  |6 HF5823 P13  |7 0  |9 4175  |a SSL  |b HOL  |c GJ  |d 2023-01-19  |l 0  |o HF5823.P13  |p 2023-0105  |r 2023-01-19 00:00:00  |t 699673  |w 2023-01-19  |y BK 
952 |0 0  |1 0  |2 lcc  |4 0  |6 HF5823 P13  |7 0  |9 4176  |a SSL  |b HOL  |c GJ  |d 2023-01-19  |l 0  |o HF5823.P13  |p 2023-0106  |r 2023-01-19 00:00:00  |t 699674  |w 2023-01-19  |y BK 
999 |c 2092  |d 2092